Kinder (texte) - Statistiques

Statistiques générales
  • Ce quiz a été pris 80 fois
    24 depuis la dernière actualisation
  • Le résultat moyen est 8 sur 14
Statistiques - réponses
Kinder % Correct
Bueno
95%
Country
91%
Maxi
91%
Joy
82%
Pingui
82%
Surprise
82%
Cards
73%
Délice
64%
Shocobons
64%
Duo
32%
Tronky
27%
Choco Fresh
23%
Maxi King
23%
Paradisio
9%
Aucun quiz correspondant
Distribution des résultats
% des personnes avec chaque résultat
Percentile par nombre de réponses
Votre historique - résultats
Vous n’avez pas pris ce quiz depuis la dernière actualisation